[Event "DVM U14 2022"]
[Site "Kelheim GER"]
[Date "2022.12.30"]
[Round "7"]
[White "Wunderlich, Elias"]
[Black "Semling, Julius"]
[Result "0-1"]
[Termination "normal"]
[Board "1.1"]
[WhiteElo "1789"]
[BlackElo "1915"]
[WhiteClock "00:05:07"]
[BlackClock "00:25:21"]
[WhiteTeam "SC Garching 1980 e.V."]
[BlackTeam "OSG Baden-Baden"]
[PlyCount "150"]
[WhiteFideId "34608087"]
[BlackFideId "16290160"]
[EventCountry "GER"]
[EventRounds "7"]
[EventType "team-swiss"]
[EventDate "2022.12.26"]

1. e4 {[%clk 01:30:55]} {[%emt 00:00:37]} c5 {[%clk 01:30:52]} 2. c3 {[%clk
01:31:22]} Nf6 {[%clk 01:31:16]} 3. e5 {[%clk 01:31:49]} Nd5 {[%clk 01:31:41]}
4. Nf3 {[%clk 01:32:15]} Nc6 {[%clk 01:32:02]} 5. Bc4 {[%clk 01:32:36]} Nb6
{[%clk 01:32:23]} 6. Bb3 {[%clk 01:33:00]} d5 {[%clk 01:32:42]} 7. exd6 {[%clk
01:33:25]} Qxd6 {[%clk 01:33:07]} 8. O-O {[%clk 01:33:45]} Be6 {[%clk
01:33:09]} 9. Bxe6 {[%clk 01:31:20]} Qxe6 {[%clk 01:33:33]} 10. Re1 {[%clk
01:31:44]} Qd7 {[%clk 01:31:12]} 11. Qe2 {[%clk 01:27:02]} e6 {[%clk 01:29:54]}
12. d3 {[%clk 01:17:17]} Be7 {[%clk 01:25:48]} 13. Bf4 {[%clk 01:17:13]} O-O
{[%clk 01:24:14]} 14. Rd1 {[%clk 01:15:03]} Rad8 {[%clk 01:22:35]} 15. Na3
{[%clk 01:13:38]} a6 {[%clk 01:19:52]} 16. Nc2 {[%clk 01:13:47]} Bf6 {[%clk
01:18:31]} 17. Be3 {[%clk 00:57:46]} Qe7 {[%clk 01:11:53]} 18. Nd2 {[%clk
00:53:28]} Nd7 {[%clk 01:04:04]} 19. Ne4 {[%clk 00:53:03]} Be5 {[%clk
01:01:25]} 20. f4 {[%clk 00:45:10]} Bb8 {[%clk 00:59:31]} 21. Qf2 {[%clk
00:45:08]} b6 {[%clk 00:58:39]} 22. Qf3 {[%clk 00:44:16]} Rc8 {[%clk 00:56:57]}
23. Rf1 {[%clk 00:42:25]} Nf6 {[%clk 00:54:35]} 24. Rae1 {[%clk 00:40:00]} Nd5
{[%clk 00:50:02]} 25. Qh5 {[%clk 00:39:39]} f5 {[%clk 00:39:57]} 26. Ng5 {[%clk
00:32:56]} h6 {[%clk 00:38:10]} 27. Nh3 {[%clk 00:30:47]} Qf7 {[%clk 00:35:33]}
28. Qh4 {[%clk 00:24:28]} Nce7 {[%clk 00:34:04]} 29. Bc1 {[%clk 00:21:52]} Rce8
{[%clk 00:30:33]} 30. d4 {[%clk 00:20:44]} c4 {[%clk 00:27:57]} 31. Kh1 {[%clk
00:19:43]} Nf6 {[%clk 00:24:48]} 32. Ne3 {[%clk 00:19:17]} b5 {[%clk 00:24:16]}
33. Nd1 {[%clk 00:16:12]} Ng6 {[%clk 00:22:46]} 34. Qf2 {[%clk 00:16:17]} Ne4
{[%clk 00:21:31]} 35. Qc2 {[%clk 00:16:41]} Qb7 {[%clk 00:20:13]} 36. Ndf2
{[%clk 00:16:32]} Nf6 {[%clk 00:20:01]} 37. Re2 {[%clk 00:04:05]} Nh4 {[%clk
00:18:56]} 38. Nd1 {[%clk 00:04:28]} Ne4 {[%clk 00:17:10]} 39. Kg1 {[%clk
00:02:19]} Rf6 {[%clk 00:15:52]} 40. Ne3 {[%clk 00:01:44]} Rg6 {[%clk
00:14:03]} 41. Qd1 {[%clk 00:22:59]} Nf6 {[%clk 00:39:51]} 42. Kh1 {[%clk
00:13:01]} Ng4 {[%clk 00:38:05]} 43. Nxg4 {[%clk 00:12:05]} Rxg4 {[%clk
00:37:04]} 44. Rff2 {[%clk 00:11:52]} Rf8 {[%clk 00:32:51]} 45. Kg1 {[%clk
00:07:53]} Rf6 {[%clk 00:30:53]} 46. Kf1 {[%clk 00:08:08]} Rfg6 {[%clk
00:29:55]} 47. g3 {[%clk 00:04:09]} Qh1 {[%clk 00:29:02]} 48. Ng1 {[%clk
00:04:38]} Rxg3 {[%clk 00:27:52]} 49. hxg3 {[%clk 00:05:06]} Rxg3 {[%clk
00:28:07]} 50. Re1 {[%clk 00:05:10]} Rxg1 {[%clk 00:27:44]} 51. Ke2 {[%clk
00:05:37]} Qe4 {[%clk 00:28:10]} 52. Be3 {[%clk 00:05:55]} Rxe1 {[%clk
00:25:47]} 53. Kxe1 {[%clk 00:06:07]} Qxe3 {[%clk 00:26:00]} 54. Qe2 {[%clk
00:05:50]} Qc1 {[%clk 00:24:38]} 55. Qd1 {[%clk 00:06:10]} Bxf4 {[%clk
00:23:51]} 56. Qxc1 {[%clk 00:06:10]} Bxc1 {[%clk 00:24:19]} 57. Kd1 {[%clk
00:06:06]} Be3 {[%clk 00:24:27]} 58. Rh2 {[%clk 00:06:14]} g5 {[%clk 00:24:28]}
59. b3 {[%clk 00:06:18]} Bf4 {[%clk 00:23:17]} 60. Rh3 {[%clk 00:05:05]} Kg7
{[%clk 00:22:37]} 61. bxc4 {[%clk 00:04:55]} bxc4 {[%clk 00:23:00]} 62. Kc2
{[%clk 00:04:24]} Ng6 {[%clk 00:22:57]} 63. Kb2 {[%clk 00:04:02]} {[%emt
00:00:15]} g4 {[%clk 00:23:06]} {[%emt 00:00:19]} 64. Rh1 {[%clk 00:04:19]}
{[%emt 00:00:14]} Bd6 {[%clk 00:23:19]} {[%emt 00:00:15]} 65. Kc2 {[%clk
00:04:18]} {[%emt 00:00:33]} g3 {[%clk 00:23:24]} {[%emt 00:00:22]} 66. Kd2
{[%clk 00:04:11]} {[%emt 00:00:40]} g2 {[%clk 00:23:40]} {[%emt 00:00:13]} 67.
Rg1 {[%clk 00:04:37]} {[%emt 00:00:05]} Nh4 {[%clk 00:24:04]} {[%emt 00:00:05]}
68. Ke3 {[%clk 00:04:33]} {[%emt 00:00:36]} Bh2 {[%clk 00:24:17]} {[%emt
00:00:14]} 69. Kf2 {[%clk 00:04:41]} {[%emt 00:00:24]} Bxg1 {[%clk 00:24:37]}
{[%emt 00:00:10]} 70. Kxg1 {[%clk 00:05:02]} {[%emt 00:00:10]} Kg6 {[%clk
00:24:55]} {[%emt 00:00:12]} 71. a4 {[%clk 00:05:17]} {[%emt 00:00:15]} Kg5
{[%clk 00:25:20]} {[%emt 00:00:05]} 72. a5 {[%clk 00:05:27]} {[%emt 00:00:20]}
Kg4 {[%clk 00:25:31]} {[%emt 00:00:15]} 73. Kh2 {[%clk 00:05:09]} {[%emt
00:00:50]} Kf3 {[%clk 00:25:09]} {[%emt 00:00:48]} 74. d5 {[%clk 00:05:14]}
{[%emt 00:00:30]} Kf2 {[%clk 00:24:59]} {[%emt 00:00:39]} 75. d6 {[%clk
00:05:07]} {[%emt 00:00:38]} g1=Q {[%clk 00:25:21]} {[%emt 00:00:08]} 0-1

[Event "DVM U14 2022"]
[Site "Kelheim GER"]
[Date "2022.12.30"]
[Round "7"]
[White "Semling, Johannes"]
[Black "Sajka, Noah"]
[Result "1-0"]
[Termination "normal"]
[Board "1.2"]
[WhiteElo "1794"]
[BlackElo "1233"]
[WhiteClock "00:04:34"]
[BlackClock "00:27:48"]
[WhiteTeam "OSG Baden-Baden"]
[BlackTeam "SC Garching 1980 e.V."]
[PlyCount "161"]
[WhiteFideId "16290151"]
[BlackFideId "34608192"]
[EventCountry "GER"]
[EventRounds "7"]
[EventType "team-swiss"]
[EventDate "2022.12.26"]

1. e4 {[%clk 01:30:48]} c5 {[%clk 01:30:54]} 2. Nf3 {[%clk 01:31:09]} Nc6
{[%clk 01:31:14]} 3. d4 {[%clk 01:31:00]} cxd4 {[%clk 01:31:19]} 4. Nxd4 {[%clk
01:31:22]} Nf6 {[%clk 01:31:33]} 5. Nc3 {[%clk 01:31:18]} e5 {[%clk 01:31:49]}
6. Ndb5 d6 {[%clk 01:31:52]} 7. Nd5 {[%clk 01:31:05]} Nxd5 {[%clk 01:31:55]} 8.
exd5 {[%clk 01:31:15]} Nb8 {[%clk 01:32:15]} 9. c4 {[%clk 01:31:15]} Be7 {[%clk
01:32:25]} 10. Bd3 {[%clk 01:31:26]} O-O {[%clk 01:32:09]} 11. O-O {[%clk
01:31:40]} a6 {[%clk 01:30:02]} 12. Nc3 {[%clk 01:32:01]} Nd7 {[%clk 01:28:52]}
13. Qc2 {[%clk 01:31:21]} g6 {[%clk 01:27:52]} 14. Bh6 {[%clk 01:31:29]} Re8
{[%clk 01:28:14]} 15. b4 {[%clk 01:30:56]} f5 {[%clk 01:28:00]} 16. Kh1 {[%clk
01:21:49]} Bf6 {[%clk 01:26:31]} 17. f3 {[%clk 01:18:13]} Qe7 {[%clk 01:22:49]}
18. Be3 {[%clk 01:10:40]} b6 {[%clk 01:17:27]} 19. Rac1 {[%clk 01:07:55]} Rb8
20. Rfe1 {[%clk 01:02:13]} Bb7 {[%clk 01:04:21]} 21. Qd2 {[%clk 00:57:35]} Rec8
{[%clk 01:01:10]} 22. Rc2 {[%clk 00:52:34]} a5 {[%clk 00:57:01]} 23. a3 {[%clk
00:51:16]} axb4 {[%clk 00:56:59]} 24. axb4 {[%clk 00:51:28]} Ra8 {[%clk
00:57:15]} 25. Rec1 {[%clk 00:41:18]} Bg7 {[%clk 00:50:02]} 26. Be2 {[%clk
00:33:17]} Bf6 {[%clk 00:44:37]} 27. Nb5 {[%clk 00:30:59]} Ra4 {[%clk
00:36:13]} 28. Ra2 {[%clk 00:25:35]} Rxa2 {[%clk 00:33:29]} 29. Qxa2 {[%clk
00:25:56]} Ra8 {[%clk 00:33:53]} 30. Qd2 {[%clk 00:25:38]} Ra4 {[%clk
00:31:55]} 31. Bd1 {[%clk 00:24:18]} Ra8 {[%clk 00:30:41]} 32. Bb3 {[%clk
00:21:38]} Ba6 {[%clk 00:25:51]} 33. Nc7 {[%clk 00:19:33]} Ra7 {[%clk
00:26:03]} 34. Nxa6 {[%clk 00:19:53]} Rxa6 {[%clk 00:26:28]} 35. c5 {[%clk
00:19:38]} bxc5 {[%clk 00:26:44]} 36. bxc5 {[%clk 00:20:03]} Ra3 37. c6 {[%clk
00:18:28]} Ra8 {[%clk 00:24:43]} 38. cxd7 {[%clk 00:16:59]} Qxd7 {[%clk
00:25:01]} 39. h3 {[%clk 00:14:17]} Rb8 {[%clk 00:23:22]} 40. Qc2 {[%clk
00:10:48]} Qe7 {[%clk 00:22:43]} 41. Ba4 {[%clk 00:09:24]} Rb7 {[%clk
00:22:00]} 42. Bc6 {[%clk 00:08:16]} Rb8 {[%clk 00:20:57]} 43. Rb1 {[%clk
00:05:21]} Rf8 {[%clk 00:21:11]} 44. Rb7 {[%clk 00:04:56]} Qd8 {[%clk
00:21:31]} 45. Bb6 {[%clk 00:03:50]} Qc8 {[%clk 00:21:32]} 46. Ba7 {[%clk
00:25:04]} Qd8 {[%clk 00:51:30]} 47. Bb6 {[%clk 00:22:48]} Qc8 {[%clk
00:51:51]} 48. Qa4 {[%clk 00:22:55]} e4 {[%clk 00:51:57]} 49. fxe4 {[%clk
00:16:53]} fxe4 {[%clk 00:52:10]} 50. Qxe4 {[%clk 00:16:46]} Be5 {[%clk
00:52:37]} 51. Qh4 {[%clk 00:14:57]} Bg7 {[%clk 00:52:04]} 52. Qe7 Rf1 {[%clk
00:52:25]} 53. Bg1 {[%clk 00:14:16]} Qf8 {[%clk 00:52:19]} 54. Qxf8 {[%clk
00:07:04]} Kxf8 {[%clk 00:52:46]} 55. Rb8 {[%clk 00:06:56]} Kf7 {[%clk
00:52:40]} 56. Rb7 {[%clk 00:06:10]} Kf8 {[%clk 00:52:44]} 57. Rxg7 {[%clk
00:03:12]} Kxg7 {[%clk 00:53:08]} 58. Kh2 {[%clk 00:03:35]} Kf7 {[%clk
00:53:25]} 59. Bd4 {[%clk 00:03:32]} Rd1 {[%clk 00:53:23]} 60. Be3 {[%clk
00:03:51]} Rd3 {[%clk 00:53:10]} 61. Bf4 {[%clk 00:04:06]} Ke7 {[%clk
00:53:21]} 62. Bh6 {[%clk 00:03:00]} Rb3 {[%clk 00:52:45]} 63. h4 {[%clk
00:03:06]} Rb8 {[%clk 00:51:50]} 64. Kh3 {[%clk 00:03:14]} Kf6 {[%clk
00:51:11]} 65. Bf4 {[%clk 00:03:02]} Ke7 {[%clk 00:51:33]} 66. Kg4 {[%clk
00:02:49]} Rb4 {[%clk 00:50:23]} 67. Kg5 {[%clk 00:01:51]} h6 {[%clk 00:26:05]}
{[%emt 00:03:42]} 68. Kg4 {[%clk 00:02:10]} {[%emt 00:00:08]} Rc4 {[%clk
00:26:10]} {[%emt 00:00:27]} 69. Kf3 {[%clk 00:01:46]} {[%emt 00:00:48]} h5
{[%clk 00:26:30]} {[%emt 00:00:16]} 70. g3 {[%clk 00:01:50]} {[%emt 00:00:24]}
Rb4 {[%clk 00:26:37]} {[%emt 00:00:24]} 71. Ke3 {[%clk 00:02:13]} {[%emt
00:00:06]} Rc4 {[%clk 00:26:49]} {[%emt 00:00:20]} 72. Kd3 {[%clk 00:02:30]}
{[%emt 00:00:12]} Rb4 {[%clk 00:27:07]} {[%emt 00:00:12]} 73. Kc3 {[%clk
00:02:33]} {[%emt 00:00:27]} Re4 {[%clk 00:27:29]} {[%emt 00:00:08]} 74. Bb5
{[%clk 00:02:46]} {[%emt 00:00:15]} Re1 {[%clk 00:27:26]} {[%emt 00:00:35]} 75.
Bd3 {[%clk 00:02:57]} {[%emt 00:00:14]} Rd1 {[%clk 00:26:50]} {[%emt 00:01:11]}
76. Kc2 {[%clk 00:03:06]} {[%emt 00:00:12]} Ra1 {[%clk 00:27:12]} {[%emt
00:00:18]} 77. Bxg6 {[%clk 00:03:20]} {[%emt 00:00:15]} Ra5 {[%clk 00:27:37]}
{[%emt 00:00:06]} 78. Be4 {[%clk 00:03:40]} {[%emt 00:00:03]} Ra8 {[%clk
00:27:25]} {[%emt 00:00:49]} 79. Kd3 {[%clk 00:03:55]} {[%emt 00:00:12]} Rg8
{[%clk 00:27:28]} {[%emt 00:00:29]} 80. Bf3 {[%clk 00:04:11]} {[%emt 00:00:12]}
Rh8 {[%clk 00:27:48]} {[%emt 00:00:13]} 81. Ke4 {[%clk 00:04:34]} {[%emt
00:00:06]} 1-0

[Event "DVM U14 2022"]
[Site "Kelheim GER"]
[Date "2022.12.30"]
[Round "7"]
[White "Chua, Daniel James"]
[Black "Yin, Vito"]
[Result "1/2-1/2"]
[Termination "normal"]
[Board "1.3"]
[WhiteElo "1416"]
[BlackElo "1441"]
[WhiteClock "01:21:47"]
[BlackClock "00:22:04"]
[WhiteTeam "SC Garching 1980 e.V."]
[BlackTeam "OSG Baden-Baden"]
[PlyCount "84"]
[WhiteFideId "34608354"]
[BlackFideId "34601759"]
[EventCountry "GER"]
[EventRounds "7"]
[EventType "team-swiss"]
[EventDate "2022.12.26"]

1. e4 {[%clk 01:30:39]} {[%emt 00:00:21]} c5 {[%clk 01:30:16]} {[%emt
00:00:44]} 2. Nf3 {[%clk 01:30:54]} {[%emt 00:00:14]} Nc6 {[%clk 01:29:52]}
{[%emt 00:00:55]} 3. d4 {[%clk 01:31:18]} {[%emt 00:00:06]} cxd4 {[%clk
01:29:32]} {[%emt 00:00:50]} 4. c3 {[%clk 01:31:09]} {[%emt 00:00:40]} dxc3
{[%clk 01:29:55]} {[%emt 00:00:06]} 5. Nxc3 {[%clk 01:31:34]} {[%emt 00:00:05]}
d6 {[%clk 01:30:06]} {[%emt 00:00:19]} 6. Bc4 {[%clk 01:31:59]} {[%emt
00:00:05]} a6 {[%clk 01:30:02]} {[%emt 00:00:34]} 7. O-O {[%clk 01:32:20]}
{[%emt 00:00:08]} Bg4 {[%clk 01:29:16]} {[%emt 00:01:17]} 8. Bxf7 {[%clk
01:32:20]} {[%emt 00:00:30]} Kxf7 {[%clk 01:20:01]} {[%emt 00:09:46]} 9. Ng5
{[%clk 01:32:36]} {[%emt 00:00:13]} Ke8 {[%clk 01:20:14]} {[%emt 00:00:17]} 10.
Qxg4 {[%clk 01:32:56]} {[%emt 00:00:10]} Ne5 {[%clk 01:18:42]} {[%emt
00:02:02]} 11. Qe6 {[%clk 01:31:16]} {[%emt 00:02:09]} Qd7 {[%clk 01:16:52]}
{[%emt 00:02:21]} 12. f4 {[%clk 01:30:03]} {[%emt 00:01:43]} Qxe6 {[%clk
01:12:15]} {[%emt 00:05:08]} 13. Nxe6 {[%clk 01:30:28]} {[%emt 00:00:04]} Kd7
{[%clk 01:02:49]} {[%emt 00:09:56]} 14. Nxf8 {[%clk 01:30:48]} {[%emt
00:00:10]} Rxf8 {[%clk 01:03:08]} {[%emt 00:00:11]} 15. fxe5 {[%clk 01:31:12]}
{[%emt 00:00:06]} Rxf1 {[%clk 01:03:27]} {[%emt 00:00:11]} 16. Kxf1 {[%clk
01:31:40]} {[%emt 00:00:02]} dxe5 {[%clk 01:03:43]} {[%emt 00:00:14]} 17. Bg5
{[%clk 01:31:02]} {[%emt 00:01:07]} h6 {[%clk 01:03:54]} {[%emt 00:00:20]} 18.
Rd1 {[%clk 01:31:27]} {[%emt 00:00:05]} Ke6 {[%clk 01:02:33]} {[%emt 00:01:51]}
19. Bh4 {[%clk 01:31:29]} {[%emt 00:00:27]} g5 {[%clk 01:02:19]} {[%emt
00:00:44]} 20. Bg3 {[%clk 01:31:57]} {[%emt 00:00:03]} Nf6 {[%clk 01:02:04]}
{[%emt 00:00:45]} 21. Ke2 {[%clk 01:31:55]} {[%emt 00:00:32]} Rc8 {[%clk
00:54:06]} {[%emt 00:08:28]} 22. h3 {[%clk 01:31:19]} {[%emt 00:01:05]} Rg8
{[%clk 00:44:51]} {[%emt 00:09:45]} 23. Kf3 {[%clk 01:30:16]} {[%emt 00:01:33]}
h5 {[%clk 00:42:52]} {[%emt 00:02:31]} 24. h4 {[%clk 01:28:01]} {[%emt
00:02:44]} gxh4 {[%clk 00:36:05]} {[%emt 00:07:17]} 25. Bxh4 {[%clk 01:28:13]}
{[%emt 00:00:18]} Ng4 {[%clk 00:35:59]} {[%emt 00:00:36]} 26. g3 {[%clk
01:26:56]} {[%emt 00:01:46]} Rf8 {[%clk 00:36:20]} {[%emt 00:00:10]} 27. Ke2
{[%clk 01:26:16]} {[%emt 00:01:09]} Rf2 {[%clk 00:36:09]} {[%emt 00:00:42]} 28.
Ke1 {[%clk 01:26:37]} {[%emt 00:00:08]} Rxb2 {[%clk 00:35:52]} {[%emt
00:00:48]} 29. Nd5 {[%clk 01:26:49]} {[%emt 00:00:18]} Rxa2 {[%clk 00:35:08]}
{[%emt 00:01:15]} 30. Nc7 {[%clk 01:26:30]} {[%emt 00:00:48]} Kf7 {[%clk
00:35:00]} {[%emt 00:00:38]} 31. Rd7 {[%clk 01:26:41]} {[%emt 00:00:19]} Rb2
{[%clk 00:29:37]} {[%emt 00:05:52]} 32. Rxe7 {[%clk 01:27:00]} {[%emt
00:00:11]} Kg8 {[%clk 00:29:19]} {[%emt 00:00:49]} 33. Ne6 {[%clk 01:25:24]}
{[%emt 00:02:05]} Rb6 {[%clk 00:29:10]} {[%emt 00:00:40]} 34. Re8 {[%clk
01:25:23]} {[%emt 00:00:30]} Kf7 {[%clk 00:28:29]} {[%emt 00:01:11]} 35. Re7
{[%clk 01:25:41]} {[%emt 00:00:12]} Kg8 {[%clk 00:28:51]} {[%emt 00:00:08]} 36.
Kd2 {[%clk 01:25:00]} {[%emt 00:01:10]} a5 {[%clk 00:25:11]} {[%emt 00:04:12]}
37. Nc5 {[%clk 01:24:05]} {[%emt 00:01:25]} Rd6 {[%clk 00:25:23]} {[%emt
00:00:18]} 38. Nd3 {[%clk 01:22:55]} {[%emt 00:01:40]} Nf2 {[%clk 00:23:02]}
{[%emt 00:02:51]} 39. Rxe5 {[%clk 01:23:03]} {[%emt 00:00:23]} Nxd3 {[%clk
00:22:42]} {[%emt 00:00:49]} 40. Rxa5 {[%clk 01:21:36]} {[%emt 00:01:57]} Nc5
{[%clk 00:22:43]} {[%emt 00:00:29]} 41. Ke3 {[%clk 01:21:36]} {[%emt 00:00:28]}
b6 {[%clk 00:22:04]} {[%emt 00:01:12]} 42. Ra8 {[%clk 01:21:47]} {[%emt
00:00:17]} Kf7 {[%emt 00:03:11]} 1/2-1/2

[Event "DVM U14 2022"]
[Site "Kelheim GER"]
[Date "2022.12.30"]
[Round "7"]
[White "Büttner, Anton"]
[Black "Lange, Tobias"]
[Result "0-1"]
[Termination "normal"]
[Board "1.4"]
[WhiteElo "1299"]
[BlackElo "1472"]
[WhiteClock "00:28:27"]
[BlackClock "00:52:32"]
[WhiteTeam "OSG Baden-Baden"]
[BlackTeam "SC Garching 1980 e.V."]
[PlyCount "132"]
[WhiteFideId "16292081"]
[BlackFideId "34608281"]
[EventCountry "GER"]
[EventRounds "7"]
[EventType "team-swiss"]
[EventDate "2022.12.26"]

1. e4 {[%clk 01:30:59]} e5 {[%clk 01:30:56]} {[%emt 00:00:04]} 2. Nf3 {[%clk
01:31:23]} {[%emt 00:00:06]} Nf6 {[%clk 01:31:19]} {[%emt 00:00:08]} 3. Nxe5
{[%clk 01:31:39]} {[%emt 00:00:14]} d6 {[%clk 01:31:41]} {[%emt 00:00:08]} 4.
Nf3 {[%clk 01:32:03]} {[%emt 00:00:05]} Nxe4 {[%clk 01:32:01]} {[%emt
00:00:11]} 5. d3 {[%clk 01:32:19]} {[%emt 00:00:14]} Nf6 {[%clk 01:32:06]}
{[%emt 00:00:24]} 6. d4 {[%clk 01:32:43]} {[%emt 00:00:06]} d5 {[%clk
01:32:23]} {[%emt 00:00:13]} 7. Bd3 {[%clk 01:32:41]} {[%emt 00:00:31]} Be7
{[%clk 01:32:04]} {[%emt 00:00:49]} 8. O-O {[%clk 01:32:40]} {[%emt 00:00:30]}
O-O {[%clk 01:32:18]} {[%emt 00:00:17]} 9. h3 {[%clk 01:32:55]} {[%emt
00:00:16]} Nbd7 {[%clk 01:26:50]} {[%emt 00:05:57]} 10. c4 {[%clk 01:29:09]}
{[%emt 00:04:17]} dxc4 {[%clk 01:24:49]} {[%emt 00:02:31]} 11. Bxc4 {[%clk
01:29:32]} {[%emt 00:00:07]} b6 {[%clk 01:24:53]} {[%emt 00:00:26]} 12. Bg5
{[%clk 01:28:40]} {[%emt 00:01:22]} Bb7 {[%clk 01:24:15]} {[%emt 00:01:08]} 13.
Bd3 {[%clk 01:26:11]} {[%emt 00:02:58]} Nd5 {[%clk 01:23:30]} {[%emt 00:01:16]}
14. Bxe7 {[%clk 01:25:37]} {[%emt 00:01:03]} Qxe7 {[%clk 01:23:32]} {[%emt
00:00:28]} 15. a3 {[%clk 01:22:55]} {[%emt 00:03:13]} N7f6 {[%clk 01:22:08]}
{[%emt 00:01:54]} 16. Nbd2 {[%clk 01:21:26]} {[%emt 00:01:59]} Rfe8 {[%clk
01:17:12]} {[%emt 00:05:26]} 17. Re1 {[%clk 01:19:24]} {[%emt 00:02:32]} Qd6
{[%clk 01:16:28]} {[%emt 00:01:14]} 18. Nc4 {[%clk 01:16:24]} {[%emt 00:03:29]}
Qf4 {[%clk 01:15:28]} {[%emt 00:01:30]} 19. Nfe5 {[%clk 01:09:05]} {[%emt
00:07:49]} Qg5 {[%clk 01:13:32]} {[%emt 00:02:26]} 20. Nf3 {[%clk 01:03:34]}
{[%emt 00:06:01]} Rxe1 {[%clk 01:11:18]} {[%emt 00:02:44]} 21. Qxe1 {[%clk
01:03:16]} {[%emt 00:00:47]} Qh5 {[%clk 01:11:04]} {[%emt 00:00:45]} 22. Be4
{[%clk 00:58:41]} {[%emt 00:05:05]} Re8 {[%clk 01:10:32]} {[%emt 00:01:03]} 23.
Nce5 {[%clk 00:57:22]} {[%emt 00:01:48]} Nxe4 {[%clk 01:10:12]} {[%emt
00:00:50]} 24. Qxe4 {[%clk 00:56:00]} {[%emt 00:01:52]} f6 {[%clk 01:08:11]}
{[%emt 00:02:32]} 25. Qg4 {[%clk 00:56:00]} {[%emt 00:00:30]} Qxg4 {[%clk
01:06:56]} {[%emt 00:01:44]} 26. Nxg4 {[%clk 00:55:59]} {[%emt 00:00:30]} Re2
{[%clk 01:05:57]} {[%emt 00:01:29]} 27. Rb1 {[%clk 00:54:56]} {[%emt 00:01:33]}
Nf4 {[%clk 01:05:50]} {[%emt 00:00:37]} 28. Ngh2 {[%clk 00:53:57]} {[%emt
00:01:29]} Nd3 {[%clk 01:03:38]} {[%emt 00:02:42]} 29. Rd1 {[%clk 00:52:22]}
{[%emt 00:02:05]} Ba6 {[%clk 01:02:24]} {[%emt 00:01:45]} 30. b4 {[%clk
00:48:28]} {[%emt 00:04:24]} Ra2 {[%clk 00:59:50]} {[%emt 00:03:04]} 31. Rd2
{[%clk 00:47:13]} {[%emt 00:01:45]} Rxa3 {[%clk 00:58:26]} {[%emt 00:01:54]}
32. Rc2 {[%clk 00:46:52]} {[%emt 00:00:51]} Ra1 {[%clk 00:58:28]} {[%emt
00:00:27]} 33. Nf1 {[%clk 00:47:16]} {[%emt 00:00:06]} Nxb4 {[%clk 00:58:29]}
{[%emt 00:00:30]} 34. Rxc7 {[%clk 00:46:19]} {[%emt 00:01:26]} Rxf1 {[%clk
00:58:25]} {[%emt 00:00:35]} 35. Kh2 {[%clk 00:46:45]} {[%emt 00:00:04]} Rxf2
{[%clk 00:58:19]} {[%emt 00:00:35]} 36. Rxa7 {[%clk 00:45:36]} {[%emt
00:01:40]} Rc2 {[%clk 00:57:55]} {[%emt 00:00:53]} 37. d5 {[%clk 00:43:31]}
{[%emt 00:02:35]} Rc8 {[%clk 00:57:21]} {[%emt 00:01:04]} 38. Nh4 {[%clk
00:38:23]} {[%emt 00:05:38]} Bd3 {[%clk 00:56:56]} {[%emt 00:00:48]} 39. Rd7
{[%clk 00:37:17]} {[%emt 00:01:43]} Be4 {[%clk 00:56:21]} {[%emt 00:01:04]} 40.
Re7 {[%clk 00:34:51]} {[%emt 00:02:57]} Rc4 {[%clk 00:55:24]} {[%emt 00:01:27]}
41. d6 {[%clk 00:33:32]} {[%emt 00:01:49]} Rd4 {[%clk 00:52:20]} {[%emt
00:03:34]} 42. d7 {[%clk 00:33:03]} {[%emt 00:01:00]} Nc6 {[%clk 00:52:38]}
{[%emt 00:00:11]} 43. Re6 {[%clk 00:30:39]} {[%emt 00:02:54]} Kf7 {[%clk
00:51:55]} {[%emt 00:01:14]} 44. Re8 {[%clk 00:28:26]} {[%emt 00:02:43]} g5
{[%clk 00:51:46]} {[%emt 00:00:39]} 45. Nf3 {[%clk 00:27:44]} {[%emt 00:01:12]}
Bxf3 {[%clk 00:52:06]} {[%emt 00:00:09]} 46. gxf3 {[%clk 00:28:07]} {[%emt
00:00:07]} Rxd7 {[%clk 00:52:33]} {[%emt 00:00:03]} 47. Rc8 {[%clk 00:27:41]}
{[%emt 00:00:56]} Na5 {[%clk 00:50:50]} {[%emt 00:02:13]} 48. Rc1 {[%clk
00:27:03]} {[%emt 00:01:07]} Rb7 {[%clk 00:51:13]} {[%emt 00:00:08]} 49. Rb1
{[%clk 00:27:22]} {[%emt 00:00:11]} b5 {[%clk 00:51:35]} {[%emt 00:00:08]} 50.
Ra1 {[%clk 00:26:39]} {[%emt 00:01:14]} Nc4 {[%clk 00:51:46]} {[%emt 00:00:19]}
51. Rc1 {[%clk 00:26:57]} {[%emt 00:00:11]} Na3 {[%clk 00:52:05]} {[%emt
00:00:11]} 52. Rc3 {[%clk 00:26:51]} {[%emt 00:00:35]} b4 {[%clk 00:52:26]}
{[%emt 00:00:10]} 53. Rb3 {[%clk 00:27:13]} {[%emt 00:00:08]} Nc2 {[%clk
00:52:35]} {[%emt 00:00:21]} 54. Kg2 {[%clk 00:27:33]} {[%emt 00:00:10]} Nd4
{[%clk 00:52:50]} {[%emt 00:00:16]} 55. Rb2 {[%clk 00:27:38]} {[%emt 00:00:24]}
b3 {[%clk 00:53:01]} {[%emt 00:00:19]} 56. Kf2 {[%clk 00:27:52]} {[%emt
00:00:16]} Nc2 {[%clk 00:52:30]} {[%emt 00:01:01]} 57. Ke2 {[%clk 00:27:21]}
{[%emt 00:01:01]} Ke6 {[%clk 00:52:07]} {[%emt 00:00:54]} 58. Rb1 {[%clk
00:27:07]} {[%emt 00:00:43]} b2 {[%clk 00:52:19]} {[%emt 00:00:18]} 59. h4
{[%clk 00:26:38]} {[%emt 00:00:58]} Na3 {[%clk 00:52:29]} {[%emt 00:00:21]} 60.
hxg5 {[%clk 00:26:30]} {[%emt 00:00:37]} Nxb1 {[%clk 00:52:41]} {[%emt
00:00:19]} 61. f4 {[%clk 00:26:48]} {[%emt 00:00:13]} Nc3 {[%clk 00:52:44]}
{[%emt 00:00:27]} 62. Ke3 {[%clk 00:27:11]} {[%emt 00:00:06]} b1=Q {[%clk
00:53:01]} {[%emt 00:00:14]} 63. f5 {[%clk 00:27:36]} {[%emt 00:00:04]} Kxf5
{[%clk 00:53:08]} {[%emt 00:00:23]} 64. g6 {[%clk 00:27:58]} {[%emt 00:00:09]}
Qe4 {[%clk 00:52:51]} {[%emt 00:00:47]} 65. Kf2 {[%clk 00:28:14]} {[%emt
00:00:14]} Rb2 {[%clk 00:52:47]} {[%emt 00:00:35]} 66. Kf1 {[%clk 00:28:27]}
{[%emt 00:00:16]} Qh1# {[%clk 00:52:32]} {[%emt 00:00:13]} 0-1